000 00234nam a22000857a 4500
008 170603b xxu||||| |||| 00| 0 eng d
100 _93229
_aBhatia. R. L
245 _aStories from East and West
260 _aNew Delhi
_bArya Publication
_c1998
999 _c6543
_d6543